[Event "Barcelona Sant Marti op-B 20th"]
[Site "Barcelona"]
[Date "2018.07.19"]
[Round "7"]
[White "Ruiz Puerta, Jon Ander"]
[Black "Romero Funieles, Rafael de Jesus"]
[Result "1-0"]
[WhiteElo "1616"]
[BlackElo "1725"]
[PlyCount "89"]
[EventDate "2018.07.13"]
[EventType "swiss"]
[EventRounds "9"]
[EventCountry "ESP"]
[SourceTitle "EXT 2019"]
[Source "ChessBase"]
[SourceDate "2018.10.10"]
[SourceVersion "1"]
[SourceVersionDate "2018.10.10"]
[SourceQuality "1"]

1. d4 e6 2. Nf3 Be7 3. e3 h6 4. Bd3 Nf6 5. b3 a5 6. Bb2 Na6 7. a3 c6 8. c4 Rb8 9. Qe2 Nc7 10. Nbd2 b5 11. Rb1 bxc4 12. bxc4 Ba6 13. 0-0 d5 14. Ne5 Bb7 15. f4 dxc4 16. Ndxc4 Nb5 17. g4 Ba8 18. g5 Qd5 19. gxf6 gxf6 20. Nf3 Rg8+ 21. Kf2 Nd6 22. Nxd6+ Bxd6 23. Rg1 Rxg1 24. Rxg1 Ke7 25. Rb1 a4 26. Nd2 Bc7 27. Bc3 Rg8 28. Be4 Qd8 29. Bb4+ Ke8 30. Qc4 Kd7 31. Rc1 f5 32. Bxc6+ Bxc6 33. Qxc6+ Kc8 34. Nf3 Kb8 35. Bc5 Qd5 36. Qxd5 exd5 37. Rb1+ Kc8 38. Rb4 Kd7 39. Rxa4 h5 40. Ra7 f6 41. Bb6 Rc8 42. Rxc7+ Rxc7 43. Bxc7 Kxc7 44. Nh4 Kb6 45. Nxf5 1-0

[Event "Barcelona Sant Marti op-B 20th"]
[Site "Barcelona"]
[Date "2018.07.15"]
[Round "3"]
[White "Ruiz Puerta, Jon Ander"]
[Black "Padin Jimenez, Oriol"]
[Result "1-0"]
[WhiteElo "1616"]
[BlackElo "1396"]
[PlyCount "94"]
[EventDate "2018.07.13"]
[EventType "swiss"]
[EventRounds "9"]
[EventCountry "ESP"]
[SourceTitle "EXT 2019"]
[Source "ChessBase"]
[SourceDate "2018.10.10"]
[SourceVersion "1"]
[SourceVersionDate "2018.10.10"]
[SourceQuality "1"]

1. d4 d5 2. Nf3 Nf6 3. e3 e6 4. Bd3 Bd6 5. b3 Nc6 6. a3 a6 7. Bb2 Bd7 8. Nbd2 0-0 9. Ne5 Qe7 10. f4 Bxe5 11. dxe5 Ne8 12. Qh5 g6 13. Qh6 f6 14. Nf3 Qg7 15. Qxg7+ Kxg7 16. exf6+ Nxf6 17. g4 Kg8 18. g5 Ne8 19. h4 Ng7 20. Nh2 e5 21. Rf1 exf4 22. exf4 Rae8+ 23. Kd2 Nh5 24. Be2 Nxf4 25. Bg4 Bxg4 26. Nxg4 Re2+ 27. Kd1 d4 28. Rxf4 Rxf4 29. Nh6+ Kf8 30. Kxe2 Rxh4 31. Rf1+ Ke7 32. Ng8+ Ke6 33. Nf6 Rh2+ 34. Rf2 Rh4 35. c3 Ke5 36. cxd4+ Nxd4+ 37. Kd3 c5 38. Re2+ Kf5 39. Rf2+ Ke6 40. b4 b6 41. bxc5 bxc5 42. Ne4 Kd5 43. Nc3+ Ke5 44. Rf7 Ke6 45. Rf6+ Ke5 46. Rxa6 Rg4 47. Ra5 Kd6 1-0

[Event "Foment Martinenc op-C 19st"]
[Site "Barcelona"]
[Date "2017.05.06"]
[Round "3.14"]
[White "Ruiz Puerta, Jon Ander"]
[Black "Gascon Lloret, Neus"]
[Result "1-0"]
[WhiteElo "1693"]
[BlackElo "1735"]
[PlyCount "57"]
[EventDate "2017.04.22"]
[EventType "swiss"]
[EventRounds "9"]
[EventCountry "ESP"]
[SourceTitle "EXT 2024"]
[Source "ChessBase"]
[SourceDate "2023.10.10"]
[SourceVersion "1"]
[SourceVersionDate "2023.10.10"]
[SourceQuality "1"]

1. d4 Nf6 2. c4 e6 3. Nc3 d5 4. Nf3 c6 5. Bg5 Be7 6. e3 0-0 7. b3 Nbd7 8. Bd3 h6 9. Bh4 Bb4 10. Qc2 Qa5 11. Rc1 Bxc3+ 12. Qxc3 Qxc3+ 13. Rxc3 Re8 14. Bg3 b6 15. Ne5 Nxe5 16. Bxe5 Nd7 17. Bg3 e5 18. 0-0 exd4 19. exd4 dxc4 20. Rxc4 Bb7 21. d5 cxd5 22. Rc7 Bc8 23. Bb5 Rd8 24. Bc6 Ba6 25. Bxa8 Bxf1 26. Kxf1 Nf6 27. Rxa7 d4 28. Ke2 d3+ 29. Kd2 1-0

[Event "Foment Martinenc op-C 19st"]
[Site "Barcelona"]
[Date "2017.04.29"]
[Round "2.25"]
[White "Ruiz Puerta, Jon Ander"]
[Black "Rodriguez Collado, Alex"]
[Result "1-0"]
[WhiteElo "1693"]
[BlackElo "1732"]
[PlyCount "73"]
[EventDate "2017.04.22"]
[EventType "swiss"]
[EventRounds "9"]
[EventCountry "ESP"]
[SourceTitle "EXT 2024"]
[Source "ChessBase"]
[SourceDate "2023.10.10"]
[SourceVersion "1"]
[SourceVersionDate "2023.10.10"]
[SourceQuality "1"]

1. d4 d5 2. c4 c6 3. Bf4 Nf6 4. Nf3 Bf5 5. Nc3 e6 6. a3 Nbd7 7. e3 Be7 8. Be2 0-0 9. Nh4 Be4 10. f3 Bf5 11. Nxf5 exf5 12. cxd5 cxd5 13. Bd3 Nh5 14. Bg3 Nxg3 15. hxg3 Bg5 16. Nxd5 Nf6 17. Nxf6+ Qxf6 18. f4 Rfe8 19. Kf2 Bh6 20. Qh5 Re6 21. Bxf5 Rb6 22. Ra2 g5 23. Bd3 gxf4 24. gxf4 Re8 25. Rh3 Qe6 26. b3 Qxb3 27. Rd2 Qc3 28. Rd1 Rb2+ 29. Kg1 Re6 30. Rg3+ Kf8 31. Qc5+ Qxc5 32. dxc5 Rb3 33. a4 Ra3 34. Kf2 Rxa4 35. Bxh7 b5 36. cxb6 axb6 37. Rd7 1-0